Tres nuevas salas en el hogar ochocentista de Sitges
Descripción Física:
Il·lustracions
Colección:
San Jorge,
; núm. 1 (gener 1951), pàg. 29-34
Materias:
Museu Romàntic (Sitges, Catalunya)
Idioma:
Español
MARC
| LEADER | 00000naa a2200000 a 4500 | ||
|---|---|---|---|
| 008 | 160829s1951 spcaxx spa c | ||
| 245 | 0 | 0 | |a Tres nuevas salas en el hogar ochocentista de Sitges |
| 300 | |b Il·lustracions | ||
| 490 | |a San Jorge, |v núm. 1 (gener 1951), pàg. 29-34 | ||
| 610 | 2 | 0 | |9 54526 |a Museu Romàntic (Sitges, Catalunya) |
| 773 | |t San Jorge. |g Núm. 1 (gener 1951), pàg. 29-34 | ||
| 901 | |a Arxiu | ||
| 942 | |n 1 |2 udc |c ART | ||
| 952 | |0 0 |1 0 |4 0 |7 1 |9 64513 |a Arxiu |b Arxiu |d 2022-11-30 |o Rev-508 |r 2022-11-30 00:00:00 |w 2022-11-30 |y ARXIU |z També disponible a Rev-521 | ||
| 999 | |c 43760 |d 43760 | ||